| 000 | 00899nmc a2200313 a 4500 | ||
|---|---|---|---|
| 003 | AR-BaBNM | ||
| 005 | 20251128210325.0 | ||
| 008 | 299119s1999 ||||||||||||||000 | spa|| | ||
| 020 | _a950-12-4506-3 | ||
| 040 | _cAR-BaBNM | ||
| 100 | 1 | _aHuberman, Susana | |
| 245 | 1 | 0 |
_aCómo se forman los capacitadores _barte y saberes de su profesión |
| 250 | _a1ª ed. | ||
| 260 |
_aBuenos Aires _bPaidós _c1999 |
||
| 300 |
_a177 p. _btablas |
||
| 490 | 0 |
_aTramas sociales _vv. 6 |
|
| 504 | _aContiene bibliografía p. 171-177 | ||
| 650 | 4 | _aEDUCACION PERMANENTE | |
| 650 | 4 | _aROL DEL DOCENTE | |
| 650 | 4 | _aFORMACION PROFESIONAL | |
| 650 | 4 | _aEDUCACION DE ADULTOS | |
| 653 | _aFORMACION DE FORMADORES | ||
| 653 | _aCAPACITACION DOCENTE | ||
| 653 | _aCAPACITACION LABORAL | ||
| 653 | _aPROFESIONALIZACION DOCENTE | ||
| 800 | 1 |
_aGojman, Irene _edirector |
|
| 942 | _cBK | ||
| 998 | _cRaquel | ||
| 999 |
_c14956 _d14956 |
||